La inmigración masiva y su papel en la modernización del país /

Kaydedildi:
Detaylı Bibliyografya
Yazar: Germani, Gino
Materyal Türü: Metin
Konular:
Etiketler: Etiketle
Etiket eklenmemiş, İlk siz ekleyin!

MARC

LEADER 00000 a a2200000 04500
001 41489
003
040
100 |a Germani, Gino  
245 |a La inmigración masiva y su papel en la modernización del país /  |c Gino Germani  
590 |a EFU/OCTUBRE2011  
650 |a SOCIOLOGIA.  
650 |a MIGRACION.  
650 |a ARGENTINA.  
650 |a TEORIA.  
650 |a ZONAS URBANAS.  
773 |g páginas 490-543 : tablas  
999 |c 25288  |d 25288